Fiesta de la Tirana de Tarapacá
Salvato in:
| Autore principale: | |
|---|---|
| Natura: | Libro |
| Lingua: | spagnolo |
| Pubblicazione: |
Valparaíso
Universitarias de Valparaíso
1973
|
| Serie: | Colección El Rescate
|
| Soggetti: | |
| Tags: |
Aggiungi Tag
Nessun Tag, puoi essere il primo ad aggiungerne!!
|
MARC
| LEADER | 00000nam a2200000 a 4500 | ||
|---|---|---|---|
| 001 | UCW3973 | ||
| 003 | CL-VaPUC | ||
| 008 | 890627e19730000CL |||||||||||||||||spa|d | ||
| 082 | 0 | 4 | |a 398.3 |b URI |2 21 |
| 100 | 0 | |a Uribe Echevarría, Juan |e author |9 308430 | |
| 245 | 1 | 0 | |a Fiesta de la Tirana de Tarapacá |
| 300 | |a 93 p | ||
| 942 | |c BK | ||
| 945 | |d 19890627 00:00:00 | ||
| 260 | |a Valparaíso |b Universitarias de Valparaíso |c 1973 | ||
| 600 | 0 | 7 | |a TIRANA |2 CL-VaPUC |9 308431 |
| 650 | 7 | |a FESTIVIDADES RELIGIOSAS |2 CL-VaPUC |9 308432 | |
| 650 | 7 | |a FOLKLORE |2 CL-VaPUC |9 268291 | |
| 651 | 7 | |a CHILE |2 CL-VaPUC |9 308433 | |
| 583 | |a last modification |c 19890627 00:00:00 |k Rodrigo Vera | ||
| 490 | 0 | |a Colección El Rescate | |
| 999 | |c 217817 |d 217815 | ||
| 952 | |0 0 |1 0 |4 0 |6 398_300000000000000_URI_1973 |7 0 |8 A |9 206343 |a BIBHIS |b BIBHIS |d 2019-11-15 |i 274130K |l 1 |o 398.3 URI 1973 |p 274130K |r 2025-01-20 |s 2024-12-09 |w 2019-11-15 |y BK |k HIS | ||
| 952 | |0 0 |1 0 |4 0 |6 398_300000000000000_URI_1973 |7 0 |8 P |9 206344 |a BIBEDU |b BIBEDU |c BIBEDU_PB |d 2019-11-15 |i 2741342 |o 398.3 URI 1973 |p 2741342 |r 2024-01-25 |w 2019-11-15 |y BK |k EDU | ||
| 952 | |0 0 |1 0 |4 0 |6 398_300000000000000_URI_1973 |7 0 |8 P |9 206345 |a BIBEDU |b BIBEDU |c BIBEDU_PB |d 2019-11-15 |i 1589253 |o 398.3 URI 1973 |p 1589253 |r 2024-01-25 |w 2019-11-15 |y BK |k FIL | ||